| 000 | 01850nam a2200505 i 4500 | ||
|---|---|---|---|
| 001 | 36219 | ||
| 003 | KOSZ 005 | ||
| 005 | 20240405063115.0 | ||
| 008 | 980713s1996 pl a |001 0 pol | ||
| 015 | _aUWD 1997/5024 | ||
| 020 | _a8370592368 | ||
| 035 | _a991004810549705066 | ||
| 035 | _a(PL-WaBN)b11267367-48omnis_nlop | ||
| 035 | _ab11267367 | ||
| 035 | _a(OCoLC)169552891 | ||
| 035 | _a(PL)b0000001126736 | ||
| 035 | _a(EXLNZ-48OMNIS_NETWORK)9910241478905606 | ||
| 040 |
_aWA N _cWA N _dKOSZ 005/HR |
||
| 046 | _k1996 | ||
| 080 | _a342.4/.5(438)"1918/1939" | ||
| 100 | 1 |
_aJaworski, Władysław Leopold _d(1865-1930) _eAutor |
|
| 245 | 1 | 0 |
_aO prawie, państwie i konstytucji / _cWładysław Leopold Jaworski ; wstęp, wybór i oprac. Michał Jaskólski. |
| 260 |
_aWarszawa : _bWydaw. Sejmowe : _bKancelaria Sejmu, _c1996. |
||
| 300 |
_a136, [4] s. : _b1 portr. ; _c21 cm. |
||
| 336 |
_aTekst _btxt _2rdacontent |
||
| 337 |
_aBez urządzenia pośredniczącego _bn _2rdamedia |
||
| 338 |
_aWolumin _bnc _2rdacarrier |
||
| 380 | _aKsiążki | ||
| 388 | _a1901-2000 | ||
| 388 | _a1989-2000 | ||
| 504 | _aBibliogr. przy rozdz., wykaz ważniejszych publ. W. L. Jaworskiego s. 25-27. - Indeks. | ||
| 600 | 1 | 7 |
_aJaworski, Władysław Leopold _d(1865-1930) _2DBN |
| 648 | 7 |
_a1901-2000 _2DBN |
|
| 648 | 7 |
_a1918-1939 _2DBN |
|
| 650 | 7 |
_aPrawo konstytucyjne _2DBN |
|
| 650 | 7 | _aUstrój | |
| 651 | 7 |
_aPolska _2DBN |
|
| 655 | 7 |
_aPublicystyka polska _2DBN |
|
| 658 | _aPrawo i wymiar sprawiedliwości | ||
| 700 | 1 |
_aJaskólski, Michał _d(1946- ) _eOpracowanie |
|
| 710 | 2 |
_aWydawnictwo Sejmowe _4pbl |
|
| 856 |
_uhttp://koha.tu.koszalin.pl/cgi-bin/koha/opac-detail.pl?biblionumber=36219 _yKatalog online BPK |
||
| 942 |
_2UKD _cKS |
||
| 999 |
_c36219 _d36219 |
||